LEADER 01124nam a2200265 a 4500 001 000000126190 003 CaOOAMICUS 005 20110906114005.0 008 110906s2010 it o u000 u ita r 040 $aPUL$bita 082 04$a943.086 245 03$aLa conquista dei Balcani :$bdalla Jugoslavia all'Egeo: un'espansione costata cara. 260 $a[S.l.] :$bHobby & Work,$cİ2010. 300 $a87 p. :$bfoto ;$c29 cm 490 1 $aTerzo Reich 651 4$aGermania$xStoria$y1933-1945.$0(OLS)http://pul/subject/1607 651 4$aGermania$xPolitica e governo$ySec. XIX.$0(OLS)http://pul/subject/20661 830 0$aTerzo Reich.$0(OLS)http://pul/title/157770 850 $aPUL 852 $aPUL$W1$xDP2 Filosofia 3$y112$m943. 086 COLL 2.8$j145529$qDDC 21$B144399$CPULBib$Z2$F144399 $H116931 $82 941 1 $a9 996 $6082$a943.086$9(OLS)http://pul/classification/568 996 $6245$aLa conquista dei Balcani :$bdalla Jugoslavia all'Egeo: un'espansione costata cara$9(OLS)http://pul/title/159347 996 $6260$a[S.l.] :$bHobby & Work$9(OLS)http://pul/publisher/81560 LEADER 01304nam a2200325 a 4500 001 000000169049 003 CaOOAMICUS 005 20180911105439.0 008 180911s2016 it u000 u ita r 020 $a978-88-15-26073-4* 032 $aLibriCat 040 $aPUL$bita 082 04$a346.37 100 1 $aCapogrossi Colognesi, Luigi.$0(OLS)http://pul/name/22842 245 13$aLa costruzione del diritto privato romano /$cLuigi Capogrossi Colognesi. 260 $aBologna :$bIl Mulino,$cİ2016. 300 $a256 p. ;$c21 cm. 490 1 $aItinerari. Diritto 504 $aBibliografia in nota. 650 4$aDiritto romano privato.$0(OLS)http://pul/subject/988 830 0$aItinerari (Il Mulino).$pDiritto.$0(OLS)http://pul/title/101022 850 $aPUL 852 $aPUL$W1$xSL Diritto e Scienze Sociali 3$y79$m346. 37 CAPLU 1$j192310$qDDC 21$B197010$CPULBib$Z2$F197010 $H131261 $81 941 1 $a9 960 $aDiritto privato romano$9988 996 $6020$a978-88-15-26073-4*$9(OLS)http://pul/number/164647 996 $6082$a346.37$9(OLS)http://pul/classification/1940 996 $6245$aLa costruzione del diritto privato romano$9(OLS)http://pul/title/209607 996 $6260$aBologna :$bIl Mulino$9(OLS)http://pul/publisher/47928